Therapeutic action (Record no. 119179)
[ view plain ]
| 000 -LEADER | |
|---|---|
| fixed length control field | 01432nam a2200349 a 4500 |
| 082 04 - DEWEY DECIMAL CLASSIFICATION NUMBER | |
| Classification number | 150.19/5 |
| 100 1# - MAIN ENTRY--AUTHOR NAME | |
| Personal name | Lear, Jonathan. |
| 245 10 - TITLE STATEMENT | |
| Title | Therapeutic action |
| 260 ## - PUBLICATION, DISTRIBUTION, ETC. (IMPRINT) | |
| Place of publication | London : |
| Name of publisher | Karnac Books ; |
| Place of publication | New York : |
| Name of publisher | Other Press, |
| Year of publication | 2003. |
| 300 ## - PHYSICAL DESCRIPTION | |
| Number of Pages | 246 p. |
| 505 0# - FORMATTED CONTENTS NOTE | |
| Formatted contents note | Introduction -- Subjectivity, objectivity and irony -- Internalization -- Love as a drive -- Transference as worldiness -- Revocation. |
| 650 #0 - SUBJECT ADDED ENTRY--TOPICAL TERM | |
| Topical Term | Psychoanalytic counseling. |
| Topical Term | Psychoanalysis. |
| 856 40 - ELECTRONIC LOCATION AND ACCESS | |
| Uniform Resource Identifier | http://site.ebrary.com/lib/rucke/Doc?id=10477649 |
No items available.
